000 00487nam a22001937a 4500
001 BD-DhSAU 6369
003 BD-DhSAU
005 20150508112054.0
008 150508b1964 bg a|||| |||| 00| 0 eng d
040 _aBD-DhSAU
082 _222
_a530
_bQUN
100 _aQuasem, M. A.
245 _aNew physics part 1 /
_cby M. A. Quasem
250 _a5th ed.
260 _aDacca :
_bQamrul ahsan ,
_cc1964.
300 _avi, 437 p.:
_bill. ;
_c21 cm.
590 _aIMRAN
650 _aNew physics
942 _2ddc
_cBOOK
999 _c6369
_d6369